00828nam a22002057a 45000010005000000030006000050050017000110080041000280400029000690500015000980820008001131000020001212450165001412600053003063000049003594900030004085200119004386500036005577000029005935716FISKH20250116163036.0250115b cb ||||| |||| 00| 0 eng d aFISKHbengcFISKHdFISKH aQE432.T665 a552 aTomecek, Steve  aEverything rocks and minerals :bdazzling gems of photos and info that will rock your world! /cBy Steve Tomecek with national geographic explorer Carsten Peter aWashington, D.C. :bNational Geographic ;c2011. a64 pages : bcolor illustrations ;c28 cm .  aNational Geographic Kids  aThis book describes how rocks and minerals are formed by geological processes, and how they are used in our lives. arocks and mineralsvnon-fiction aPeter, Carsten eauthor